THE AD HOC EXPERT GROUP ON CRITICAL LIMITS; SETTING CRITICAL LIMITS FOR MERCURY, CADMIUM AND LEAD TO BE USED IN CALCULATION OF CRITICAL LOADS FOR DIFFERENT RECEPTORS

Bibliographic Details
Main Authors: Sverdrup, Harald (Author), Ashmore, Michael (Author)
Format: Article
Language:English
ISBN:8085361833

MARC

LEADER 00000naa a2200000uu 4500
001 vtls011052019
003 SK-MaSNL
005 20260302113644.0
008 210904|2000 xo |||||||||||||||||eng|
015 |a SNBRA 
035 |a (urnnbn)urn:nbn:sk:snk:ar-a0bvh3 
035 |a (uuid)396c651b-7d64-4161-886a-0ce5a51df6ec 
035 |a urn:nbn:sk:snk-aav28p 
040 |a SNKBUCL  |b slo  |c SNKBUCL  |e AACR2 
041 0 |a eng 
044 |a xo  |c SK 
100 1 |a Sverdrup, Harald  |4 aut  |9 794562 
245 1 0 |a THE AD HOC EXPERT GROUP ON CRITICAL LIMITS; SETTING CRITICAL LIMITS FOR MERCURY, CADMIUM AND LEAD TO BE USED IN CALCULATION OF CRITICAL LOADS FOR DIFFERENT RECEPTORS  |c Harald Sverdrup, Michael Ashmore 
700 1 |a Ashmore, Michael  |4 aut  |9 794563 
773 0 |t Ad hoc international expert group on effect-based critical limits for heavy metals, Bratislava, Slovak Republic 11-13th October 2000  |d Bratislava : Soil Science and Conservation Research Institute, 2000  |g S. 109-125  |z 8085361833 
958 |a OND 
958 |a article12 
958 |a chapter 
999 |c 1256366  |d 1258296